| 000 | 01090nam a2200325 a 4500 | ||
|---|---|---|---|
| 001 | 000110112 | ||
| 003 | CHAP | ||
| 005 | 20220329144118.0 | ||
| 008 | 140723s2013 mx |rm |0|||||spa d | ||
| 010 | _a106574 | ||
| 011 | _a107546 | ||
| 040 | _cCHAP | ||
| 090 | _aTesis | ||
| 100 | 1 |
_aArce Ramírez, Aurelio Chico _96773 |
|
| 245 | 1 | 0 |
_aCaracterización agronomíca y aptitud combinatoria de poblaciones de maíz del Sureste del Estado de México / _cpor Aurelio Chico Arce Ramírez. |
| 260 |
_aMontecillo, Méx. : _bEl autor, _c2013. |
||
| 300 |
_axv, 129 h. : _bcuadros. |
||
| 502 | _aTesis (M. C. en Recursos Genéticos y productividad Genética) -- CP. | ||
| 590 |
_aE6096MTM _b05 _c20140723 _lUCH01 _h1341 |
||
| 590 |
_aE6096MTM _b05 _c20140723 _lUCH01 _h1355 |
||
| 590 |
_aE6096MTM _b05 _c20140723 _lUCH01 _h1356 |
||
| 650 | 1 | 4 |
_aMaíz _xGenética. _970963 |
| 650 | 1 | 4 |
_aMaíz _xMejoramiento. _971006 |
| 650 | 1 | 4 |
_aMaíz _xRendimiento. _971051 |
| 650 | 1 | 4 |
_aMaíz _xVariedades. _971081 |
| 650 | 1 | 4 |
_aMaíz _zMéxico (Edo.). _971099 |
| 901 | _aBK | ||
| 942 | _cTESIS | ||
| 942 | _n0 | ||
| 999 |
_c106574 _d106574 |
||